[Event "Mittelrhein Verbandsliga-W 18/19"]
[Site "Nordrheinwestfalen"]
[Date "2018.09.30"]
[Round "2.1"]
[White "Meissner, Thomas"]
[Black "Bien, Stefan"]
[Result "1/2-1/2"]
[WhiteElo "1953"]
[BlackElo "2024"]
[PlyCount "85"]
[EventDate "2018.09.02"]
[EventType "team-tourn"]
[EventRounds "11"]
[EventCountry "GER"]
[SourceTitle "EXT 2022"]
[Source "ChessBase"]
[SourceDate "2021.10.06"]
[SourceVersion "1"]
[SourceVersionDate "2021.10.06"]
[SourceQuality "1"]
[WhiteTeam "Brand SF"]
[BlackTeam "Kerpen SK"]
[WhiteTeamCountry "GER"]
[BlackTeamCountry "GER"]

1. d4 c6 2. c4 d5 3. Nc3 Nf6 4. Nf3 e6 5. e3 Nbd7 6. Bd3 Be7 7. 0-0 b6 8. b3 0-0 9. Bb2 Bb7 10. Rc1 c5 11. cxd5 cxd4 12. Nxd4 Nxd5 13. Nxd5 Bxd5 14. Nc6 Bxc6 15. Rxc6 Nc5 16. Bc2 Rc8 17. Qg4 g6 18. Rxc8 Qxc8 19. Qd4 f6 20. Rc1 Rd8 21. Qc3 Qd7 22. h4 Qd2 23. b4 Qxc3 24. Bxc3 Na6 25. a3 Kf7 26. Kf1 Nc7 27. Bb3 Nd5 28. Bb2 Rd7 29. Rc6 f5 30. g3 Bd6 31. Ke2 Ne7 32. Rc2 Bb8 33. f4 Nd5 34. Rd2 Nf6 35. Rxd7+ Nxd7 36. e4 Bd6 37. Ke3 Be7 38. g4 fxe4 39. Kxe4 Bf6 40. Bxf6 Kxf6 41. Ba4 Nb8 42. Bb5 a6 43. Be2 1/2-1/2

[Event "Mittelrhein Regionalliga 1718"]
[Site "Nordrheinwestfalen"]
[Date "2018.04.15"]
[Round "8.5"]
[White "Bien, Stefan"]
[Black "Krenzel, Joachim"]
[Result "1/2-1/2"]
[WhiteElo "2056"]
[BlackElo "1991"]
[PlyCount "75"]
[EventDate "2017.09.10"]
[EventType "team-tourn"]
[EventRounds "9"]
[EventCountry "GER"]
[SourceTitle "EXT 2022"]
[Source "ChessBase"]
[SourceDate "2021.10.06"]
[SourceVersion "1"]
[SourceVersionDate "2021.10.06"]
[SourceQuality "1"]
[WhiteTeam "Wuerselen"]
[BlackTeam "Klub Koelner SF II"]
[WhiteTeamCountry "GER"]
[BlackTeamCountry "GER"]

1. d4 d5 2. Nf3 Nf6 3. Bg5 Nbd7 4. Nbd2 e6 5. e3 Be7 6. Bd3 0-0 7. 0-0 c5 8. c3 b6 9. Qe2 Bb7 10. Ba6 Bxa6 11. Qxa6 Qc8 12. Qxc8 Raxc8 13. Ne5 Rfe8 14. f4 h6 15. Bxf6 Nxf6 16. g4 Bd6 17. h3 Bxe5 18. fxe5 Nd7 19. Rad1 b5 20. Rf2 a5 21. Rdf1 Re7 22. Nb3 a4 23. Nxc5 Nxc5 24. dxc5 Rxc5 25. a3 Rc4 26. Rf4 Rec7 27. Rd4 Kf8 28. Rfd1 Ke7 29. Kf2 Rc8 30. e4 Rxd4 31. Rxd4 dxe4 32. Ke3 Rc5 33. Kxe4 f6 34. exf6+ Kxf6 35. Rd7 h5 36. Rb7 hxg4 37. hxg4 g6 38. Kf4 1/2-1/2

[Event "Schleswig Holstein-ch Meisterklasse"]
[Site "Bad Segeberg"]
[Date "2018.03.27"]
[Round "5.8"]
[White "Bien, Stefan"]
[Black "Moysich, Dirk"]
[Result "1/2-1/2"]
[WhiteElo "2115"]
[BlackElo "1944"]
[PlyCount "58"]
[EventDate "2018.03.24"]
[EventType "swiss"]
[EventRounds "9"]
[EventCountry "GER"]
[SourceTitle "EXT 2022"]
[Source "ChessBase"]
[SourceDate "2021.10.06"]
[SourceVersion "1"]
[SourceVersionDate "2021.10.06"]
[SourceQuality "1"]

1. d4 d6 2. c3 e5 3. dxe5 dxe5 4. Qxd8+ Kxd8 5. e4 Be6 6. Be3 Nf6 7. f3 Nbd7 8. Nd2 Bc5 9. Bxc5 Nxc5 10. 0-0-0 Ke7 11. b3 Rhd8 12. Kc2 a5 13. Be2 a4 14. b4 Ncd7 15. Bc4 Ne8 16. Bxe6 Kxe6 17. Nh3 f6 18. Nf2 Nd6 19. Ng4 c5 20. b5 Nxb5 21. Nc4 Ra6 22. Nge3 Nd6 23. Nxd6 Rxd6 24. Rxd6+ Kxd6 25. Rd1+ Kc6 26. Nf5 g6 27. Ne7+ Kc7 28. Nd5+ Kc8 29. Ne7+ Kc7 1/2-1/2

[Event "Mittelrhein Verbandsliga-W 16/17"]
[Site "Nordrheinwestfalen"]
[Date "2017.04.09"]
[Round "10.4"]
[White "Buller, Ivan"]
[Black "Bien, Stefan"]
[Result "1/2-1/2"]
[WhiteElo "1837"]
[BlackElo "2032"]
[PlyCount "100"]
[EventDate "2016.09.11"]
[EventType "team-tourn"]
[EventRounds "11"]
[EventCountry "GER"]
[SourceTitle "EXT 2022"]
[Source "ChessBase"]
[SourceDate "2021.10.06"]
[SourceVersion "1"]
[SourceVersionDate "2021.10.06"]
[SourceQuality "1"]
[WhiteTeam "Bergheim"]
[BlackTeam "Wuerselen II"]
[WhiteTeamCountry "GER"]
[BlackTeamCountry "GER"]

1. e4 c6 2. Nc3 d5 3. Nf3 Bg4 4. h3 Bxf3 5. Qxf3 e6 6. exd5 exd5 7. d4 Nd7 8. Bd3 Qf6 9. Qxf6 Ngxf6 10. Bd2 0-0-0 11. 0-0 Bd6 12. Rfe1 h6 13. Re2 Kc7 14. a3 Rhe8 15. Rae1 Nf8 16. Rxe8 Rxe8 17. Rxe8 Nxe8 18. Ne2 Ne6 19. Bf5 Kd7 20. f3 Ke7 21. Kf2 Kf6 22. Bxe6 Kxe6 23. Bf4 Be7 24. Bh2 g5 25. g4 Ng7 26. Bb8 a6 27. f4 f5 28. Kf3 Bf6 29. c3 Kf7 30. Be5 Kg6 31. Nc1 gxf4 32. Nd3 fxg4+ 33. hxg4 Ne6 34. Bxf4 h5 35. gxh5+ Kxh5 36. Be3 Bg5 37. b3 Kg6 38. Nf2 Kf5 39. Nh3 Bxe3 40. Kxe3 Kg4 41. Nf2+ Kg3 42. Nd3 Kg4 43. c4 Kf5 44. cxd5 cxd5 45. Ne5 Ng5 46. b4 Ne4 47. Nd3 Nd6 48. Nc5 Kf6 49. a4 Nf5+ 50. Kd3 Nd6 1/2-1/2

[Event "NRW Class2 1314"]
[Site "Germany"]
[Date "2014.04.27"]
[Round "9.6"]
[White "Roemhild, Marcus"]
[Black "Bien, Stefan"]
[Result "1/2-1/2"]
[WhiteElo "2010"]
[BlackElo "2050"]
[PlyCount "93"]
[EventDate "2013.09.15"]
[EventType "team-tourn"]
[EventRounds "9"]
[EventCountry "GER"]
[SourceTitle "EXT 2015"]
[Source "ChessBase"]
[SourceDate "2014.11.20"]
[SourceVersion "1"]
[SourceVersionDate "2014.11.20"]
[SourceQuality "1"]
[WhiteTeam "Lippstadt Turm"]
[BlackTeam "Wuerselen"]
[WhiteTeamCountry "GER"]
[BlackTeamCountry "GER"]

1. c4 c6 2. g3 d5 3. Bg2 Nf6 4. Nf3 e6 5. b3 Be7 6. Bb2 0-0 7. 0-0 Nbd7 8. d3 b6 9. Nbd2 Bb7 10. Qc2 Rc8 11. Rac1 c5 12. e3 Qc7 13. Rfd1 Rfd8 14. Qb1 Qb8 15. Qa1 Ne8 16. cxd5 Bxd5 17. d4 Qb7 18. Qb1 Nd6 19. Ne1 Bxg2 20. Nxg2 cxd4 21. Bxd4 Nb5 22. Bb2 Rxc1 23. Qxc1 Rc8 24. Qa1 f6 25. Nc4 Rc6 26. Nf4 Nf8 27. Qb1 Nd6 28. Nxd6 Rxd6 29. Rxd6 Bxd6 30. Ne2 Bc5 31. Qd3 Qd7 32. Qxd7 Nxd7 33. Nf4 Kf7 34. Kf1 Bd6 35. Nd3 g6 36. Ke2 e5 37. e4 Ke6 38. f3 f5 39. Bc3 Nf6 40. Nf2 Bc5 41. exf5+ gxf5 42. Nd3 Nd7 43. h3 Bd6 44. g4 Be7 45. Ke3 Bc5+ 46. Ke2 Be7 47. Ke3 1/2-1/2

[Event "Regionalliga Mittelrhein 1213"]
[Site "Germany"]
[Date "2013.05.05"]
[Round "10.7"]
[White "Schniggenberg, Gerd"]
[Black "Bien, Stefan"]
[Result "0-1"]
[WhiteElo "1970"]
[BlackElo "2045"]
[PlyCount "120"]
[EventDate "2012.09.09"]
[EventType "team"]
[EventRounds "11"]
[EventCountry "GER"]
[SourceTitle "EXT 2015"]
[Source "ChessBase"]
[SourceDate "2014.11.20"]
[SourceVersion "1"]
[SourceVersionDate "2014.11.20"]
[SourceQuality "1"]
[WhiteTeam "Godesberg IV"]
[BlackTeam "Bruehl"]
[WhiteTeamCountry "GER"]
[BlackTeamCountry "GER"]

1. e4 c6 2. d4 d5 3. Nc3 dxe4 4. Nxe4 Bf5 5. Ng3 Bg6 6. Nf3 Nd7 7. Bd3 e6 8. c3 Ngf6 9. Bg5 Qc7 10. Qc2 Bd6 11. 0-0-0 Bf4+ 12. Bxf4 Qxf4+ 13. Kb1 0-0-0 14. Rhe1 Bxd3 15. Rxd3 Qh6 16. Ne4 Nxe4 17. Rxe4 Qg6 18. Re1 h6 19. g3 Qh5 20. h4 g5 21. Qe2 Qg6 22. Ka1 g4 23. Nd2 Rhe8 24. Nc4 Rg8 25. Rdd1 Kc7 26. Qe3 Qf5 27. Rd2 b5 28. Ne5 Nxe5 29. Qxe5+ Qxe5 30. Rxe5 Rd5 31. Rxd5 cxd5 32. Re2 Rg6 33. Kb1 Rf6 34. Kc2 Kd6 35. Kd2 Rf5 36. Ke1 e5 37. Rd2 e4 38. Ke2 Rf3 39. Ke1 f5 40. Re2 f4 41. gxf4 Rh3 42. Re3 Rxh4 43. Kf1 Ke6 44. c4 bxc4 45. Ra3 Kf5 46. Rxa7 e3 47. fxe3 Ke4 48. Kf2 Rh2+ 49. Kg3 Rxb2 50. a4 Rb8 51. Kxg4 Rc8 52. Rb7 Kxe3 53. f5 c3 54. Rb1 Rg8+ 55. Kh5 Rg5+ 56. Kxh6 Rxf5 57. a5 Rf6+ 58. Kg5 Ra6 59. Kf5 Kxd4 60. Ra1 c2 0-1

[Event "Regionalliga Mittelrhein 1213"]
[Site "Germany"]
[Date "2013.03.03"]
[Round "8.6"]
[White "Hess, Dennis"]
[Black "Bien, Stefan"]
[Result "1/2-1/2"]
[WhiteElo "1981"]
[BlackElo "2066"]
[PlyCount "42"]
[EventDate "2012.09.09"]
[EventType "team"]
[EventRounds "11"]
[EventCountry "GER"]
[SourceTitle "EXT 2015"]
[Source "ChessBase"]
[SourceDate "2014.11.20"]
[SourceVersion "1"]
[SourceVersionDate "2014.11.20"]
[SourceQuality "1"]
[WhiteTeam "Langenfeld II"]
[BlackTeam "Bruehl"]
[WhiteTeamCountry "GER"]
[BlackTeamCountry "GER"]

1. e4 c6 2. d4 d5 3. e5 Bf5 4. Nc3 e6 5. g4 Bg6 6. Nge2 c5 7. h4 h5 8. Nf4 Bh7 9. Bb5+ Nc6 10. Bxc6+ bxc6 11. Nxh5 cxd4 12. Qxd4 Bxc2 13. Bg5 Qa5 14. Rc1 Bg6 15. Nf4 c5 16. Qa4+ Qxa4 17. Nxa4 Be4 18. Rh3 Kd7 19. Nxc5+ Bxc5 20. Rxc5 Rb8 21. Rhc3 f6 1/2-1/2

[Event "Ghent Taminco op 35th"]
[Site "Ghent"]
[Date "2012.07.16"]
[Round "6"]
[White "Bien, Stefan"]
[Black "Decoster, Frederic"]
[Result "0-1"]
[WhiteElo "2125"]
[BlackElo "2305"]
[PlyCount "80"]
[EventDate "2012.07.14"]
[EventType "swiss"]
[EventRounds "9"]
[EventCountry "BEL"]
[SourceTitle "CBM 149 Extra"]
[Source "ChessBase"]
[SourceDate "2012.08.24"]
[SourceVersion "1"]
[SourceVersionDate "2012.08.24"]
[SourceQuality "1"]

1. d4 d5 2. Nf3 e6 3. c3 c5 4. Bg5 Be7 5. Bxe7 Qxe7 6. dxc5 Qxc5 7. Qd4 Qxd4 8. cxd4 Nc6 9. Nc3 Nf6 10. e3 Ke7 11. Be2 Bd7 12. 0-0 Ne8 13. Rfc1 f6 14. Ne1 Nd6 15. Nd3 b6 16. Kf1 g5 17. Bd1 h5 18. Ba4 Na5 19. Bxd7 Kxd7 20. b3 Nc6 21. Rc2 Rac8 22. Rac1 h4 23. Ne2 Nf5 24. b4 Nd6 25. Nc3 Rc7 26. a4 Rhc8 27. Nb5 Nxb5 28. axb5 Ne7 29. Rxc7+ Rxc7 30. Rxc7+ Kxc7 31. Ne1 Nc8 32. Nc2 Nd6 33. Na3 Kd7 34. Ke2 e5 35. Kd3 Ke6 36. f3 e4+ 37. Ke2 f5 38. h3 f4 39. Nb1 Nxb5 40. Kf2 a5 0-1

[Event "BEL-chT 1112"]
[Site "Belgium"]
[Date "2011.12.04"]
[Round "5.8"]
[White "Bien, Stefan"]
[Black "Le Quang, Kim"]
[Result "0-1"]
[WhiteElo "2116"]
[BlackElo "2326"]
[PlyCount "80"]
[EventDate "2011.10.09"]
[EventType "team-tourn"]
[EventRounds "11"]
[EventCountry "BEL"]
[SourceTitle "EXT 2013"]
[Source "ChessBase"]
[SourceDate "2012.11.22"]
[SourceVersion "1"]
[SourceVersionDate "2012.11.22"]
[SourceQuality "1"]
[WhiteTeam "Amay"]
[BlackTeam "Fontaine"]
[WhiteTeamCountry "BEL"]
[BlackTeamCountry "BEL"]

1. d4 Nf6 2. Nf3 g6 3. Bg5 Bg7 4. e3 d6 5. Bd3 0-0 6. Nbd2 Nbd7 7. c3 Qe8 8. Qc2 e5 9. 0-0 h6 10. Bh4 Nh7 11. e4 Ndf6 12. dxe5 dxe5 13. Bxf6 Nxf6 14. Rfe1 Nh5 15. g3 Bg4 16. Nh4 Rd8 17. Be2 Bxe2 18. Rxe2 Qe7 19. Ndf3 Rd6 20. Rd1 Rfd8 21. Red2 Nf6 22. Ng2 h5 23. Ne3 Rxd2 24. Rxd2 Rxd2 25. Nxd2 Bh6 26. Qd3 c6 27. Kg2 Kg7 28. h4 Qe6 29. b3 b5 30. Nf3 Nd7 31. Nd2 Nc5 32. Qe2 Qd6 33. Kf3 a5 34. b4 axb4 35. c4 Ne6 36. Kg2 Qd4 37. cxb5 cxb5 38. Nef1 Nc5 39. Nf3 Qxe4 40. Qxb5 Nd3 0-1

[Event "Mittelrhein-chT 1112"]
[Site "Germany"]
[Date "2011.11.27"]
[Round "5.3"]
[White "Lindam, Ingo"]
[Black "Bien, Stefan"]
[Result "1-0"]
[WhiteElo "2064"]
[BlackElo "2092"]
[PlyCount "185"]
[EventDate "2011.09.11"]
[EventType "team-tourn"]
[EventRounds "13"]
[EventCountry "GER"]
[SourceTitle "EXT 2013"]
[Source "ChessBase"]
[SourceDate "2012.11.22"]
[SourceVersion "1"]
[SourceVersionDate "2012.11.22"]
[SourceQuality "1"]
[WhiteTeam "Koeln Lasker"]
[BlackTeam "Horrem"]
[WhiteTeamCountry "GER"]
[BlackTeamCountry "GER"]

1. d4 c6 2. Nf3 d5 3. Bf4 Bg4 4. c4 e6 5. Qb3 Qb6 6. c5 Qxb3 7. axb3 Nd7 8. b4 a6 9. Nbd2 Ngf6 10. h3 Bh5 11. e3 Bxf3 12. gxf3 Rc8 13. Nb3 Be7 14. Na5 b5 15. Nb7 Nb8 16. Nd6+ Bxd6 17. Bxd6 Kd7 18. Bd3 Ne8 19. Bxb8 Rxb8 20. Rxa6 Nc7 21. Ra5 Ra8 22. Kd2 Ra6 23. Rha1 Rha8 24. e4 g6 25. h4 Ke7 26. h5 Kd7 27. Ke3 Ke7 28. Kf4 Kf6 29. hxg6 hxg6 30. Be2 R8a7 31. Bd3 Ra8 32. Bc2 R8a7 33. Bb3 Ra8 34. Ke3 Kg7 35. Bc2 Kf6 36. R1a3 Ke7 37. Ra2 R8a7 38. R2a3 Ra8 39. Ra1 R8a7 40. Kf4 Kf6 41. Ke3 Ke7 42. f4 Kf6 43. R1a3 Ra8 44. Kf3 R8a7 45. Kg4 Ra8 46. Kf3 R8a7 47. Kg3 Ra8 48. Kg4 R8a7 49. f3 Ra8 50. Ra1 R8a7 51. f5 gxf5+ 52. exf5 Ra8 53. Kf4 R8a7 54. fxe6 fxe6 55. Rh1 Rxa5 56. bxa5 Rxa5 57. Rh6+ Ke7 58. Rh7+ Kd8 59. Ke5 b4 60. Bd3 Ra7 61. Rh8+ Kd7 62. f4 Rb7 63. Rh7+ Kd8 64. Rh8+ Kd7 65. f5 exf5 66. Bxf5+ Ke7 67. Rh7+ Kd8 68. Rd7+ Kc8 69. Rxd5+ Kb8 70. Rd8+ Ka7 71. Bd3 Rb8 72. Rxb8 Kxb8 73. Kd6 Kb7 74. Kd7 Nd5 75. Kd6 b3 76. Bc4 Nb4 77. Bxb3 Na6 78. Ba4 Nb8 79. b3 Kc8 80. Bxc6 Na6 81. Bd7+ Kb8 82. Bb5 Nc7 83. Bc4 Ne8+ 84. Ke7 Ng7 85. d5 Kc8 86. Ba6+ Kc7 87. d6+ Kc6 88. b4 Nf5+ 89. Ke6 Nd4+ 90. Ke7 Nf5+ 91. Ke8 Nxd6+ 92. cxd6 Kxd6 93. Kd8 1-0

[Event "Regionalliga Mittelrhein 1011"]
[Site "Germany"]
[Date "2011.02.27"]
[Round "6.6"]
[White "Goy, Udo"]
[Black "Bien, Stefan"]
[Result "1-0"]
[WhiteElo "2093"]
[BlackElo "2111"]
[PlyCount "81"]
[EventDate "2010.10.24"]
[EventType "team"]
[EventRounds "9"]
[EventCountry "GER"]
[SourceTitle "EXT 2015"]
[Source "ChessBase"]
[SourceDate "2014.11.20"]
[SourceVersion "1"]
[SourceVersionDate "2014.11.20"]
[SourceQuality "1"]
[WhiteTeam "Koeln Ford SF"]
[BlackTeam "Bruehl"]
[WhiteTeamCountry "GER"]
[BlackTeamCountry "GER"]

1. d4 c6 2. c4 d5 3. Nf3 Nf6 4. Nc3 e6 5. e3 Nbd7 6. Bd3 b6 7. 0-0 Bb7 8. e4 dxe4 9. Nxe4 Be7 10. Qe2 0-0 11. Rd1 Qc7 12. Bg5 Rfe8 13. Bh4 Nxe4 14. Qxe4 Nf8 15. Bg3 Bd6 16. Bxd6 Qxd6 17. h4 Rad8 18. h5 f5 19. Qe3 Nd7 20. h6 g6 21. Rac1 c5 22. Be2 Bxf3 23. Bxf3 e5 24. dxe5 Qxe5 25. Bc6 Qxe3 26. fxe3 Re7 27. Rd6 Kf7 28. Rcd1 Ke8 29. Kf2 Rf7 30. Kf3 Re7 31. Kf4 Rf7 32. Kg5 Re7 33. Kf4 Rf7 34. g4 Re7 35. gxf5 gxf5 36. R1d3 Rf7 37. Kg5 Re7 38. Kxf5 Re5+ 39. Kf4 Re7 40. e4 Rf7+ 41. Kg5 1-0

[Event "Regionalliga Mittelrhein 1011"]
[Site "Germany"]
[Date "2010.10.24"]
[Round "1.5"]
[White "Krings, Thomas"]
[Black "Bien, Stefan"]
[Result "0-1"]
[WhiteElo "1937"]
[BlackElo "2111"]
[PlyCount "146"]
[EventDate "2010.10.24"]
[EventType "team"]
[EventRounds "9"]
[EventCountry "GER"]
[SourceTitle "EXT 2015"]
[Source "ChessBase"]
[SourceDate "2014.11.20"]
[SourceVersion "1"]
[SourceVersionDate "2014.11.20"]
[SourceQuality "1"]
[WhiteTeam "Horrem"]
[BlackTeam "Bruehl"]
[WhiteTeamCountry "GER"]
[BlackTeamCountry "GER"]

1. d4 Nf6 2. Bg5 e6 3. e3 Be7 4. Bd3 b6 5. Nf3 Bb7 6. Nbd2 d6 7. Qe2 Nd5 8. Bxe7 Qxe7 9. c3 Nd7 10. 0-0 0-0 11. Ba6 Bxa6 12. Qxa6 c5 13. Rac1 f5 14. Qe2 N7f6 15. Rfd1 Ne4 16. c4 Ndf6 17. Ne1 Nxd2 18. Rxd2 Ne4 19. Rd3 e5 20. f3 Nf6 21. dxc5 dxc5 22. e4 fxe4 23. fxe4 Rad8 24. Rcd1 Rd4 25. Rxd4 cxd4 26. Nd3 Qe6 27. b3 a5 28. h3 Re8 29. Re1 g6 30. Qd2 Kg7 31. Re2 h6 32. Qe1 Nh5 33. g4 Nf4 34. Nxf4 exf4 35. Qf2 Qe5 36. Rd2 Qxe4 37. Qxd4+ Qxd4+ 38. Rxd4 Rf8 39. Kf2 g5 40. Rd6 Rf6 41. Rd7+ Kg6 42. Rb7 Rd6 43. a3 Kf6 44. c5 bxc5 45. Rb5 a4 46. bxa4 Rc6 47. a5 Ke5 48. a6 Kd4 49. Ra5 Rc8 50. a7 Ra8 51. Ke2 c4 52. Ra6 c3 53. Ra4+ Kc5 54. Kd3 Kb6 55. Rc4 Rxa7 56. Rxc3 Re7 57. Kd2 Kb5 58. Rb3+ Kc4 59. Rc3+ Kd5 60. Rb3 Ra7 61. Ke2 Ra6 62. Kf2 Kc4 63. Rf3 Rb6 64. Kf1 Rb3 65. Rf2 Rxh3 66. a4 Rh1+ 67. Kg2 Ra1 68. Re2 Kd5 69. Rd2+ Ke5 70. Re2+ Kf6 71. Re4 Ra3 72. Rb4 Ke5 73. Rb6 Rxa4 0-1